[Event "Kuwait Rapid op 1st"]
[Site "Kuwait City"]
[Date "2025.01.10"]
[Round "7"]
[White "Alsalman, Basil Ahmed Mohamme"]
[Black "Vishwesh, Sivanantham"]
[Result "0-1"]
[WhiteElo "1661"]
[BlackElo "1757"]
[PlyCount "50"]
[EventDate "2025.01.09"]
[EventType "swiss (rapid)"]
[EventRounds "9"]
[EventCountry "KUW"]
[SourceTitle "CB03_2025"]
[SourceDate "2025.01.15"]
[SourceVersion "1"]
[SourceVersionDate "2025.01.15"]
[SourceQuality "1"]

1. e4 e5 2. Nf3 Nc6 3. Bc4 Bc5 4. c3 Nge7 5. d4 exd4 6. cxd4 Bb4+ 7. Nc3 d5 8. exd5 Nxd5 9. Bxd5 Qxd5 10. 0-0 Bxc3 11. bxc3 0-0 12. Re1 Bg4 13. Ba3 Rfe8 14. Rxe8+ Rxe8 15. Qd3 Bxf3 16. gxf3 Ne5 17. Qf1 Nxf3+ 18. Kh1 Nh4+ 19. Kg1 Re6 20. f4 Rg6+ 21. Kf2 Qf3+ 22. Ke1 Qxc3+ 23. Kd1 Qxa1+ 24. Bc1 Qxd4+ 25. Ke1 Re6+ 0-1

[Event "Kuwait Rapid op 1st"]
[Site "Kuwait City"]
[Date "2025.01.10"]
[Round "8"]
[White "Mohammed, Zohaib Khan Muzahir"]
[Black "Alsalman, Basil Ahmed Mohamme"]
[Result "1-0"]
[WhiteElo "1431"]
[BlackElo "1661"]
[PlyCount "101"]
[EventDate "2025.01.09"]
[EventType "swiss (rapid)"]
[EventRounds "9"]
[EventCountry "KUW"]
[SourceTitle "CB03_2025"]
[SourceDate "2025.01.15"]
[SourceVersion "1"]
[SourceVersionDate "2025.01.15"]
[SourceQuality "1"]

1. e4 c5 2. Nf3 Nc6 3. Nc3 g6 4. Bc4 Bg7 5. b3 Nf6 6. Bb2 Nxe4 7. Nxe4 Bxb2 8. Rb1 Ba3 9. Nc3 Bb4 10. Nd5 0-0 11. 0-0 Kg7 12. Re1 e6 13. Nxb4 Nxb4 14. a3 Nc6 15. d4 d5 16. Bb5 cxd4 17. Bxc6 bxc6 18. Nxd4 Qd6 19. a4 e5 20. Nf3 Bf5 21. Nxe5 Rfe8 22. Nf3 Bg4 23. Rxe8 Rxe8 24. c4 Bxf3 25. Qxf3 dxc4 26. bxc4 Qd2 27. h3 Qc2 28. Qb3 Qd2 29. Qb2+ Qxb2 30. Rxb2 Re4 31. Rc2 Kf6 32. f3 Rd4 33. Kf2 Ke5 34. Ke3 f5 35. g3 g5 36. h4 gxh4 37. f4+ Kd6 38. Kxd4 hxg3 39. Rg2 c5+ 40. Kd3 Kc6 41. Rxg3 Kb6 42. Kc3 Kc6 43. Rh3 a5 44. Rxh7 Kd6 45. Rh5 Ke6 46. Kd3 Kf6 47. Rh1 Kg6 48. Rg1+ Kh5 49. Rg5+ Kh4 50. Rxf5 Kg4 51. Ke4 1-0